00384nam a2200181Ia 4500003000900000008004100009040001300050040001300063041000800076100002600084245003000110250001000140260001600150260000900166300001100175300001000186490000600196IT-RoPAU120407s9999 xx 000 0 und d aIT-RoPAU cIT-RoPAU afra aGabriel Marie Garrone aLe concile: orientations. aParis aOuvrières c1966 a196 p. c18 cm v1